BIBLIOTECA

SENCICO

Concreto arquitectónico colado en obras / (Registro nro. 3596)

Detalles MARC
000 -LEADER
fixed length control field 00904nam a2200253Ia 4500
003 - CONTROL NUMBER IDENTIFIER
control field PE SENCICO BE
005 - DATE AND TIME OF LATEST TRANSACTION
control field 20260304142322.0
008 - FIXED-LENGTH DATA ELEMENTS--GENERAL INFORMATION
fixed length control field 200515s9999 xx 000 0 und d
020 ## - INTERNATIONAL STANDARD BOOK NUMBER
International Standard Book Number 968-18-2891-7
040 ## - CATALOGING SOURCE
Original cataloging agency PE SENCICO BE
Transcribing agency PE SENCICO BE
041 ## - LANGUAGE CODE
Language code of text/sound track or separate title spa
082 ## - DEWEY DECIMAL CLASSIFICATION NUMBER
Classification number 721.0445
Item number I5
110 1# - MAIN ENTRY--CORPORATE NAME
Corporate name or jurisdiction name as entry element Instituto Mexicano del Cemento y del Concreto
9 (RLIN) 192
Relator term autor
245 10 - TITLE STATEMENT
Title Concreto arquitectónico colado en obras /
Statement of responsibility, etc. Instituto Méxicano del Cemento y el Concreto
250 ## - EDITION STATEMENT
Edition statement 1a ed.
260 ## - PUBLICATION, DISTRIBUTION, ETC.
Place of publication, distribution, etc. [México] :
Name of publisher, distributor, etc. Limusa ;
Date of publication, distribution, etc. 1990
300 ## - PHYSICAL DESCRIPTION
Extent 90 páginas :
Other physical details ilustraciones ;
Dimensions 21, 5 cm.
505 0# - FORMATTED CONTENTS NOTE
Formatted contents note Acero y refuerzo -- Materiales para el concreto y proporcionamiento de mezclas.
520 3# - SUMMARY, ETC.
Summary, etc. Muestra recomendaciones para fabricación de concreto
650 10 - SUBJECT ADDED ENTRY--TOPICAL TERM
Topical term or geographic name entry element Concreto armado
9 (RLIN) 334
650 20 - SUBJECT ADDED ENTRY--TOPICAL TERM
Topical term or geographic name entry element Tecnología del concreto
9 (RLIN) 477
650 20 - SUBJECT ADDED ENTRY--TOPICAL TERM
Topical term or geographic name entry element Construcción
9 (RLIN) 339
942 ## - ADDED ENTRY ELEMENTS (KOHA)
Koha item type Libros
Source of classification or shelving scheme Dewey Decimal Classification
Existencias
Fecha de la última vez que lo usaron Pago total Signatura topográfica completa Código de barras Tipo de documento Estado perdido Sistema de clasificación Estado dañado No es para préstamo Retirado Ubicación permanente Ubicación actual
15/05/2020   721.0445/I5 BibZpiur26022606 Libros   Dewey Decimal Classification       Biblioteca Piura Biblioteca Piura